Zdaňovanie podielov spoločníkov obchodných spoločností
Zdaňovanie podielov na zisku spoločníkov s.r.o. a komandistov komanditných spoločností (k.s.). Zdaňovanie podielov na zisku spoločníkov v.o.s. a komplementárov k.s. Zdaňovanie podielu na zisku tichého spoločníka. Spôsob zdanenia vyrovnacieho podielu. Zdanenie podielu na likvidačnom zostatku. Zdaneni...
Enregistré dans:
| Auteur principal: | |
|---|---|
| Format: | Chapitre de livre |
| Langue: | slovaque |
| Sujets: | |
| Tags: |
Pas de tags, Soyez le premier à ajouter un tag!
|
MARC
| LEADER | 00000naa a2200000 4500 | ||
|---|---|---|---|
| 001 | r034666 | ||
| 005 | 20230926080825.2 | ||
| 041 | 0 | |a slo | |
| 044 | |a SK | ||
| 245 | 1 | 0 | |a Zdaňovanie podielov spoločníkov obchodných spoločností |c Imrich Fekete |
| 520 | |a Zdaňovanie podielov na zisku spoločníkov s.r.o. a komandistov komanditných spoločností (k.s.). Zdaňovanie podielov na zisku spoločníkov v.o.s. a komplementárov k.s. Zdaňovanie podielu na zisku tichého spoločníka. Spôsob zdanenia vyrovnacieho podielu. Zdanenie podielu na likvidačnom zostatku. Zdanenie prevodu obchodného podielu. | ||
| 610 | 2 | 0 | |a podiely na zisku |
| 610 | 2 | 0 | |a zdaňovanie |
| 610 | 2 | 0 | |a spoločníci |
| 610 | 2 | 0 | |a spoločnosti obchodné |
| 610 | 2 | 0 | |a spoločnosti s r.o. |
| 610 | 2 | 0 | |a spoločnosti v.o.s. |
| 610 | 2 | 0 | |a spoločnosti komanditné |
| 100 | 1 | |a Fekete, Imrich | |